[Event "HUN-ch Rapid 2020"]
[Site "Ajka"]
[Date "2020.07.19"]
[Round "12.24"]
[White "Udvardi, Zalan"]
[Black "Kiss, Pal"]
[Result "1-0"]
[WhiteElo "2222"]
[BlackElo "2266"]
[Annotator "TA"]
[PlyCount "52"]
[EventDate "2020.07.17"]
[EventType "rapid"]
[EventCountry "HUN"]
[SourceTitle "playchess.com"]
[Source "ChessBase"]
[SourceQuality "1"]

{[%evp 10,52,53,61,76,67,108,102,110,108,175,124,145,151,143,203,151,56,49,47,55,62,51,62,60,19,29,19,58,31,32,29,147,148,147,134,140,104,131,128,391,365,361,373,632]} 1. e4 c5 2. Nc3 e6 3. Nge2 Nc6 4. g3 g6 5. d4 cxd4 6. Nxd4 a6 {B23: Closed Sicilian: Lines without g3.} 7. Nxc6 dxc6 8. Qxd8+ Kxd8 {White is better.} 9. Bf4 {[#]} Bc5 $146 (9... b5 $16 10. Bg2 Ra7) ({Predecessor:} 9... b5 10. O-O-O+ Bd7 11. Bg2 Kc8 12. Rd3 Ra7 13. Rhd1 Nf6 14. Be5 Bg7 15. Rf3 Ne8 16. Bxg7 Nxg7 17. Rxf7 Ne8 18. e5 {1-0 (18) Pourramezanali,A (2466)-Ahmed,A (2255) Amman 2019}) 10. e5 (10. Na4 $18 Ba7 11. O-O-O+ Ke8 12. Bc7) 10... f5 {[#]} 11. exf6 $1 Nxf6 12. Be5 Rf8 13. Bxf6+ (13. O-O-O+ $16 Ke8 14. Bh3) 13... Rxf6 $14 14. Ne4 Rf5 15. O-O-O+ Kc7 16. Bh3 $36 {[%mdl 2048] White has some pressure.} Re5 17. Nxc5 (17. Rhe1 {looks sharper.} Bf8 18. Nf6 Rxe1 19. Rxe1 Be7 20. Ne8+) 17... Rxc5 18. Rhe1 e5 19. Bxc8 Rxc8 {[%mdl 4096] Endgame KRR-KRR} 20. b4 Rc4 (20... Rb5 $11 {keeps the balance.}) 21. Rxe5 $16 Rxb4 22. Re7+ Kb8 23. Rdd7 Rf8 24. f4 ({But not} 24. Rxh7 $6 Rxf2 25. Rdg7 Rg2 $11) 24... g5 $2 {[%mdl 8192] [#]} (24... h6 $16) 25. fxg5 $18 Rf1+ 26. Kd2 a5 $2 {Accuracy: White = 71%, Black = 39%.} (26... Rf2+ 27. Kc3 Rb5 28. Rxh7 Rxg5 29. Rxb7+ Ka8) 1-0

[Event "HUN-ch Rapid 2020"]
[Site "Ajka"]
[Date "2020.07.19"]
[Round "12.25"]
[White "Kozma, Karoly"]
[Black "Pasztor, Balazs"]
[Result "1/2-1/2"]
[WhiteElo "2197"]
[BlackElo "2185"]
[Annotator "TA"]
[PlyCount "62"]
[EventDate "2020.07.17"]
[EventType "rapid"]
[EventCountry "HUN"]
[SourceTitle "playchess.com"]
[Source "ChessBase"]
[SourceQuality "1"]

{[%evp 9,62,0,0,0,0,-6,0,0,6,0,0,-6,0,0,0,0,0,-4,0,0,0,-20,0,-34,-41,-41,-45,-42,-40,-37,-28,-49,-9,-41,0,0,0,-31,0,0,23,17,28,13,23,22,14,0,78,16,13,8,160,158,146]} 1. Nf3 d5 2. b3 Nf6 3. Bb2 Bf5 4. e3 c6 5. h3 h6 6. c4 {A06: Réti Opening: 1 Nf3 d5.} e6 7. Nc3 Be7 8. d4 {[#] The position is equal.} Ne4 $146 (8... Nbd7 {looks sharper.} 9. Bd3 O-O 10. O-O Re8 11. Rc1 Bb4) ({Predecessor:} 8... O-O 9. Bd3 Bxd3 10. Qxd3 a6 11. O-O b5 12. Ne5 Nfd7 13. e4 dxc4 14. bxc4 Nxe5 {0-1 (14) Larionov,S (2031)-Stogov,A (2303) Moscow 2011}) 9. Nxe4 Bxe4 10. Nd2 Bg6 11. Be2 O-O 12. O-O Nd7 13. Re1 Re8 14. a3 a5 15. Bf3 Nf6 16. e4 dxe4 17. Nxe4 Nxe4 18. Bxe4 Bxe4 19. Rxe4 Bf6 20. Qc2 a4 21. Rae1 b5 22. b4 Qd7 23. Rg4 h5 24. Rf4 Rad8 25. Qe2 {Threatens to win with Rxf6!} bxc4 26. Qxh5 {[#] aiming for Rxf6!} Qd5 27. Qg4 {Rxf6 is the strong threat.} Kf8 28. Rfe4 Qf5 (28... c3 $11 29. Bxc3 Qb3) 29. Rc1 (29. Qe2 $16) 29... Qd5 $11 30. Qe2 Rd6 $2 {[#]} (30... c5 $1 $11 31. Rxc4 (31. bxc5 Rb8 $14) 31... cxb4) 31. Rxc4 $16 Red8 {Accuracy: White = 79%, Black = 75%.} 1/2-1/2

[Event "HUN-ch Rapid 2020"]
[Site "Ajka"]
[Date "2020.07.19"]
[Round "13.1"]
[White "Kozak, Adam"]
[Black "Banusz, Tamas"]
[Result "1/2-1/2"]
[WhiteElo "2503"]
[BlackElo "2628"]
[Annotator "TA"]
[PlyCount "29"]
[EventDate "2020.07.17"]
[EventType "rapid"]
[EventCountry "HUN"]
[SourceTitle "playchess.com"]
[Source "ChessBase"]
[SourceQuality "1"]

{[%evp 9,17,12,12,19,19,22,27,14,3,6]} 1. Nf3 d5 2. g3 Bg4 3. Bg2 c6 4. O-O Nf6 5. h3 Bh5 6. d4 {A07: Réti Opening: New York and Capablanca Systems.} e6 7. c4 Be7 8. Qb3 Qb6 9. Nc3 {[#] Not much happened in this game.} {Predecessor:} O-O $146 10. Bf4 Nbd7 11. c5 Qxb3 12. axb3 Ne4 13. g4 Bg6 14. b4 a6 15. Ra3 {½-½ (15) Margvelashvili,G (2556)-Mulyar,M (2411) Rockville 2014} 1/2-1/2

[Event "HUN-ch Rapid 2020"]
[Site "Ajka"]
[Date "2020.07.19"]
[Round "13.2"]
[White "Kantor, Gergely"]
[Black "Erdos, Viktor"]
[Result "1/2-1/2"]
[WhiteElo "2530"]
[BlackElo "2618"]
[Annotator "TA"]
[PlyCount "40"]
[EventDate "2020.07.17"]
[EventType "rapid"]
[EventCountry "HUN"]
[SourceTitle "playchess.com"]
[Source "ChessBase"]
[SourceQuality "1"]

{[%evp 13,21,18,25,18,19,21,25,16,30,24]} 1. d4 Nf6 2. c4 c6 3. Nc3 d5 4. Nf3 a6 5. e3 e6 6. b3 Bb4 7. Bd2 Nbd7 {7...0-0 is more advanced technology.} 8. Bd3 {D45: Semi-Slav: 5 e3.} Qe7 9. O-O O-O 10. Bc2 b6 11. Re1 {[#] A rather calm draw.} {Predecessor:} dxc4 $146 12. bxc4 Bb7 13. e4 e5 14. Ne2 Bxd2 15. Qxd2 Rfe8 16. Ng3 g6 17. Qg5 Kh8 18. Nxe5 Nxe5 19. dxe5 Qxe5 20. Qxe5 Rxe5 {0-1 (44) Goryachkina,A (2504)-Kobalia,M (2627) Skopje 2019} 1/2-1/2

[Event "HUN-ch Rapid 2020"]
[Site "Ajka"]
[Date "2020.07.19"]
[Round "13.3"]
[White "Balogh, Csaba"]
[Black "Berkes, Ferenc"]
[Result "1/2-1/2"]
[WhiteElo "2580"]
[BlackElo "2661"]
[Annotator "TA"]
[PlyCount "34"]
[EventDate "2020.07.17"]
[EventType "rapid"]
[EventCountry "HUN"]
[SourceTitle "playchess.com"]
[Source "ChessBase"]
[SourceQuality "1"]

{[%evp 10,21,41,38,49,58,57,58,44,42,56,41,66,31]} 1. e4 Nf6 2. e5 Nd5 3. d4 d6 4. Nf3 dxe5 5. Nxe5 c6 6. Be2 {White is slightly better.} Bf5 {B04: Alekhine's Defence: 4 Nf3.} 7. O-O Nd7 8. Nf3 e6 9. c4 N5f6 10. Nc3 Ne4 11. Nxe4 {[#] Black got outplayed after the opening} {Predecessor:} Bxe4 $146 12. Ng5 Bg6 13. d5 exd5 14. cxd5 Be7 15. dxc6 bxc6 16. Nf3 O-O 17. Be3 Bf6 {0-1 (74) Pourramezanali,A (2496)-Berkes,F (2648) Rasht 2017} 1/2-1/2

[Event "HUN-ch Rapid 2020"]
[Site "Ajka"]
[Date "2020.07.19"]
[Round "13.4"]
[White "Kaczur, Florian"]
[Black "Mihok, Oliver"]
[Result "1/2-1/2"]
[WhiteElo "2507"]
[BlackElo "2552"]
[Annotator "TA"]
[PlyCount "35"]
[EventDate "2020.07.17"]
[EventType "rapid"]
[EventCountry "HUN"]
[SourceTitle "playchess.com"]
[Source "ChessBase"]
[SourceQuality "1"]

{[%evp 9,35,20,21,14,16,20,15,13,15,16,12,15,0,0,22,19,20,18,25,13,31,25,27,29,30,15,17,16]} 1. c4 c5 2. Nf3 Nc6 3. Nc3 e5 4. e3 Nf6 5. d4 e4 6. d5 {A34: Symmetrical English: 2 Nc3, lines with ...d5.} exf3 7. dxc6 dxc6 8. Qxd8+ Kxd8 9. gxf3 Kc7 10. b3 Be7 11. Bb2 Rd8 12. h4 g6 13. Ne4 Nxe4 14. fxe4 {[#]} Bg4 $5 $146 {[%mdl 8] An interesting novelty.} ({Predecessor:} 14... h5 15. Be5+ Bd6 16. Bf6 Re8 17. f3 a5 18. a4 Be7 19. Bc3 Be6 20. O-O-O b6 {1-0 (42) Aronian,L (2774)-Vachier Lagrave,M (2803) Karlsruhe/Baden-Baden 2017}) 15. Be2 Bxe2 16. Kxe2 h5 17. Be5+ Bd6 18. Bf6 {A rather calm draw. Accuracy: White = 100%, Black = 100%.} 1/2-1/2

[Event "HUN-ch Rapid 2020"]
[Site "Ajka"]
[Date "2020.07.19"]
[Round "13.5"]
[White "Csonka, Balazs"]
[Black "Aczel, Gergely"]
[Result "1/2-1/2"]
[WhiteElo "2498"]
[BlackElo "2511"]
[Annotator "TA"]
[PlyCount "15"]
[EventDate "2020.07.17"]
[EventType "rapid"]
[EventCountry "HUN"]
[SourceTitle "playchess.com"]
[Source "ChessBase"]
[SourceQuality "1"]

{[%evp 9,15,31,26,11,30,18,45,28]} 1. Nf3 b6 2. g3 Bb7 3. Bg2 g6 4. O-O Bg7 5. c4 Nf6 6. b3 {A15: English Opening: 1...Nf6.} d6 7. d4 Nbd7 {[#]} 8. Nc3 $146 ({Predecessor:} 8. Bb2 O-O 9. Nc3 e5 10. dxe5 dxe5 11. Qc2 Qe7 12. Rad1 Rfd8 13. Nb5 Ne8 14. Ba3 {1-0 (65) Dao Thi Lan,A (1831)-Tran Le Dan,T (1942) Da Lat 2013}) 1/2-1/2

[Event "HUN-ch Rapid 2020"]
[Site "Ajka"]
[Date "2020.07.19"]
[Round "13.6"]
[White "Horvath, Jozsef"]
[Black "Ruck, Robert"]
[Result "1/2-1/2"]
[WhiteElo "2438"]
[BlackElo "2540"]
[Annotator "TA"]
[PlyCount "144"]
[EventDate "2020.07.17"]
[EventType "rapid"]
[EventCountry "HUN"]
[SourceTitle "playchess.com"]
[Source "ChessBase"]
[SourceQuality "1"]

{[%evp 21,144,0,0,0,6,-19,-13,-34,-8,-7,-7,-17,0,0,0,-47,-40,-47,-39,-38,-32,-82,-68,-106,-106,-110,-99,-101,-101,-109,-84,-84,-84,-84,-84,-84,-57,-58,-62,-84,-43,-68,-43,-43,-43,-53,-44,-44,-43,-84,-43,-44,-38,-38,-29,-84,-84,-84,-44,-84,-29,-29,-29,-29,-29,-29,-29,-29,0,-29,-29,-29,-29,-29,-29,-29,-29,-29,-29,-39,0,0,-13,-118,-118,-118,-118,-118,-118,-118,-42,-42,-42,-42,-42,-42,-42,-42,-42,-42,-42,-42,0,-42,-42,-42,-42,-42,0,-42,-42,-42,-42,-42,0,-42,-42,-42,0,0,0,-42,0,0,0]} 1. Nf3 Nf6 2. c4 c5 3. Nc3 Nc6 4. e3 e6 5. d4 d5 6. cxd5 Nxd5 7. Bc4 cxd4 8. exd4 Be7 9. O-O O-O 10. Re1 Bf6 11. Ne4 b6 12. Nxf6+ {D41: Queen's Gambit Declined: Semi-Tarrasch with 5 cxd5.} Nxf6 13. Bg5 Bb7 14. a3 Rc8 (14... h6 $5 {[%cal Rh6g5]} 15. Be3 Qd6 $11) 15. Ba2 Ne7 16. Ne5 $1 {[#]} Qd6 $146 (16... Nfd5 $5 {[%cal Rf7f6]}) ({Predecessor:} 16... Nfd5 17. Qg4 Rc7 18. Rac1 Rxc1 19. Rxc1 Qe8 20. Bxd5 exd5 21. Bxe7 Qxe7 22. h3 Qd6 {½-½ (51) Emms,J (2532)-Hansen,L (2586) Germany 2002}) 17. Bxf6 gxf6 18. Ng4 Qf4 19. g3 Qg5 20. Ne3 Rfd8 21. Qa4 a5 22. h4 Qh5 23. d5 Nxd5 24. Bxd5 Bxd5 ({But not} 24... exd5 $2 25. Qf4 $18) 25. Qd4 Qf3 {[%csl Gd5][%cal Rf3h1] [#]} 26. Nxd5 Rxd5 27. Qxb6 Rc2 28. Rac1 {[#]} Rdd2 $1 {[%cal Rd2f2][%mdl 512]} 29. Rxc2 Rxc2 $15 {[%mdl 4096] Endgame KQR-KQR} 30. Rf1 a4 31. Qd4 Kg7 32. Qxa4 Rxb2 33. Qd4 Ra2 34. a4 h5 35. Qb4 e5 36. a5 Qd5 37. Qb1 Rxa5 (37... Ra3 {keeps more tension.} 38. Qf5 Qd4 39. Kg2 Qg4 40. Qxg4+ hxg4 41. f4 Rxa5 42. Rf2 exf4 43. Rxf4 f5) 38. Qd1 (38. Qf5 $1 $11) 38... Qxd1 $17 39. Rxd1 {KR-KR} Ra2 40. Kg2 e4 (40... f5 $17 41. Rd5 f6) 41. Re1 $11 f5 42. Re3 Kf6 43. Rb3 Rd2 44. Rb6+ Ke5 45. Rb5+ Rd5 46. Rb7 $1 Ke6 47. Rb6+ Rd6 48. Rb5 f6 49. Ra5 Rd2 50. Ra6+ Ke5 51. Ra5+ Rd5 52. Ra8 (52. Ra6 $11 {keeps the balance.}) 52... f4 $17 53. Re8+ Kf5 54. gxf4 Kxf4 55. Re6 f5 (55... Kf5 $17 56. Re8 Kf4) 56. Rg6 $1 $15 Rd2 57. Rg3 Ra2 58. Kg1 $1 Rb2 (58... Ra1+ {with more complications.} 59. Kg2 Ra4 60. Rg5 Ra7 61. Kf1 Ra1+) 59. Kg2 Rd2 60. Kg1 $1 Re2 61. Kf1 Ra2 (61... Rc2 {is more complex.} 62. Kg1 Rc8 63. Rg5 Rc7 64. Kf1 Rc1+) 62. Kg2 Ra5 63. Kg1 Re5 64. Kg2 Rd5 65. Kg1 Rd3 66. Rg5 Rd1+ 67. Kg2 Rd2 {aiming for ...e3.} 68. Kg1 (68. Rg3 {seems wilder.}) 68... Rc2 69. Rxh5 Rc1+ 70. Kg2 Rc2 {Strongly threatening ...e3.} 71. Kg1 Rc1+ 72. Kg2 Rc2 {Accuracy: White = 76%, Black = 68%.} 1/2-1/2

[Event "HUN-ch Rapid 2020"]
[Site "Ajka"]
[Date "2020.07.19"]
[Round "13.7"]
[White "Mester, Gyula"]
[Black "Almasi, Zoltan"]
[Result "0-1"]
[WhiteElo "2341"]
[BlackElo "2687"]
[Annotator "TA"]
[PlyCount "41"]
[EventDate "2020.07.17"]
[EventType "rapid"]
[EventCountry "HUN"]
[SourceTitle "playchess.com"]
[Source "ChessBase"]
[SourceQuality "1"]

{[%evp 19,41,-72,-70,-66,-17,-1,0,-38,-36,-68,-84,-86,-85,-436,-418,-579,-574,-707,-666,-666,-683,-864,-370,-29998]} 1. d4 Nf6 2. c4 e6 3. Nc3 Bb4 4. e3 O-O 5. Bd3 c5 6. a3 Bxc3+ 7. bxc3 Nc6 8. Ne2 b6 9. O-O Ba6 10. Ng3 Na5 11. Qe2 {[#] E29: Nimzo-Indian: Sämisch: 5...0-0 6 e3 c5 7 Bd3 Nc6.} Qc7 $146 ({Predecessor:} 11... d5 12. cxd5 Bxd3 13. Qxd3 Qxd5 14. e4 Qc4 15. Qxc4 Nxc4 16. Bg5 Nd7 17. Rfd1 f6 18. Be3 Rfd8 {½-½ (62) Veleski,R (2278)-Cioara,A (2430) Rijeka 2010}) 12. e4 {aiming for e5.} cxd4 13. e5 {The position is equal.} Ne8 $1 {[#]} 14. Qe4 $1 {[%csl Gd3][%cal Re4h7][%mdl 576] Double Attack} f5 15. Qxa8 {[#] Threatens to win with Qf3.} Nc6 $1 16. c5 $2 {[%mdl 8192] This costs White the game.} (16. cxd4 $17 Bb7 17. Qxb7 Qxb7 18. Bb2) 16... Bxd3 $19 17. cxb6 Qxb6 18. Qc8 Bxf1 19. Qxd7 Bc4 20. cxd4 Qxd4 (20... Bd5 $142 21. Bg5 Qxd4) 21. Qxc6 $2 {Accuracy: White = 31%, Black = 56%.} (21. Qxd4 $19 Nxd4 22. Bf4) 0-1

[Event "HUN-ch Rapid 2020"]
[Site "Ajka"]
[Date "2020.07.19"]
[Round "13.8"]
[White "Fancsy, Imre"]
[Black "Papp, Gabor"]
[Result "0-1"]
[WhiteElo "2352"]
[BlackElo "2602"]
[Annotator "TA"]
[PlyCount "128"]
[EventDate "2020.07.17"]
[EventType "rapid"]
[EventCountry "HUN"]
[SourceTitle "playchess.com"]
[Source "ChessBase"]
[SourceQuality "1"]

{[%evp 15,128,0,0,0,0,0,0,0,13,0,38,7,21,12,120,42,65,-44,-37,-291,-287,-319,-253,-277,-257,-365,-333,-312,-244,-249,-249,-246,-242,-252,-58,-50,-52,-61,-64,-60,-52,-145,-145,-171,-174,-408,-406,-400,-394,-338,-308,-316,-313,-300,-301,-308,-210,-295,-292,-300,-244,-257,-269,-352,-261,-257,-216,-235,-216,-204,-219,-201,-188,-151,-81,-83,-82,-80,0,-56,-56,-56,-54,-83,-83,-168,-161,-200,-202,-379,-379,-379,-376,-354,-327,-316,-302,-793,-768,-29978,-1022,-29977,-29977,-29978,-29979,-29979,-29980,-29980,-29981,-29981,-29982,-29982,-29983,-29984,-29985]} 1. Nf3 c5 2. c4 Nc6 3. g3 g6 4. Bg2 Bg7 5. Nc3 e5 6. a3 d6 7. O-O Nge7 8. b4 O-O 9. Rb1 {A37: Symmetrical English vs ...g6: 4 Bg2 Bg7 5 Nf3.} f5 10. Ne1 Rb8 11. Nc2 {The position is equal.} f4 12. e3 g5 {[#]} 13. Qh5 $146 ({Predecessor:} 13. Nd5 Nxd5 14. Bxd5+ Kh8 15. Qh5 Bf5 16. e4 Bg6 17. Qh3 Ne7 18. f3 Nxd5 19. cxd5 cxb4 20. Rxb4 {½-½ (28) Schmuecker,M (2210)-Langheinrich,F (2378) Erfurt 2019}) 13... Bf5 14. Be4 Ng6 (14... h6 $11 {keeps the balance.}) 15. bxc5 (15. Bxf5 $16 Rxf5 16. d3) 15... dxc5 $14 16. Bd5+ (16. Bxf5 $14 Rxf5 17. e4) 16... Kh8 $15 17. Ne4 $2 {[%mdl 8192]} (17. Rb2 $15) 17... Nge7 $19 18. Nxg5 Nxd5 19. cxd5 Qxd5 20. d3 (20. e4 $142 Bxe4 21. Nxe4 Qxe4 22. Qd1) 20... Bg6 ({Don't take} 20... Qxd3 21. Rb2 $19) 21. e4 Qa2 ({Inferior is} 21... Bxh5 22. exd5 Nd8 23. Re1 $15) 22. Rb2 {[#]} Qxb2 $1 ({Don't play} 22... Bxh5 23. Rxa2 Rbe8 24. Ne1) 23. Qxg6 hxg6 24. Bxb2 Rfd8 $2 (24... Rbe8 $19 {Threatens to win with ...Bh6.} 25. Ne1 Kg8) 25. Nf7+ $15 Kg8 26. Nxd8 Rxd8 27. Rd1 g5 $36 {[%mdl 2048] Black is more active.} 28. f3 (28. Ne1 $15) 28... b5 $17 29. Kf2 Kf7 30. Ke2 $2 (30. Rd2) 30... Rh8 $19 31. Rh1 fxg3 32. h3 g2 33. Rg1 Rxh3 34. Rxg2 Bf6 35. Ne3 a5 36. a4 (36. Ng4 $142) 36... bxa4 37. Nc4 Rh1 38. Ba3 Nd4+ 39. Ke3 Re1+ 40. Kf2 Rd1 41. Ke3 Rf1 42. Rf2 Re1+ 43. Kd2 Ra1 {...Ra2+ is the strong threat.} 44. Kc3 Nb5+ (44... Be7 $142 45. Kb2 Rd1) 45. Kb2 $17 Rd1 46. Kc2 Ra1 47. Kb2 $1 {[%cal Rb2a1]} Rh1 48. Bxc5 Ke6 49. Na3 Nd4 {Black converts the advantage convincingly.} 50. Bxd4 (50. Nc4 $17) 50... exd4 {[%mdl 4096] Endgame KRB-KRN} 51. Nc4 {[#]} Be7 $1 52. f4 $2 (52. Nxa5 {was worth a try.} a3+ 53. Ka2) 52... gxf4 $19 53. Rxf4 Rh2+ 54. Kb1 a3 {[%cal Ba4a3,Ba3a2][%mdl 32]} 55. Rf5 Bb4 {( -> ...a2+)} 56. Rb5 $2 (56. Re5+ Kf6 57. Rb5) 56... Kd7 57. e5 Kc6 (57... a2+ $142 58. Ka1 Bc3+ 59. Nb2 Rxb2 60. Rxb2 Bxb2+ 61. Kxa2 Bc3 62. e6+ Kxe6 63. Ka3 Bb4+ 64. Ka4 Bc3 65. Kb5 Kf5 66. Ka4 Kf4 67. Kb3 Ke3 68. Ka4 Kxd3 69. Kb5 Ke4 70. Kc4 a4 71. Kc5 a3 72. Kc4 a2 73. Kc5 a1=Q 74. Kc6 Qa8+ 75. Kd6 Qb7 76. Kc5 d3 77. Kd6 Bb4+ 78. Ke6 Qe7#) 58. Rb6+ Kc5 {Black mates.} 59. Rb7 a2+ 60. Ka1 Bc3+ 61. Nb2 Rxb2 62. Rxb2 Kd5 63. Kxa2 Bxb2 64. Kxb2 Kxe5 {Accuracy: White = 45%, Black = 72%.} 0-1

[Event "HUN-ch Rapid 2020"]
[Site "Ajka"]
[Date "2020.07.19"]
[Round "13.9"]
[White "Nagy, Gabor"]
[Black "Krstulovic, Alex"]
[Result "1-0"]
[WhiteElo "2489"]
[BlackElo "2338"]
[Annotator "TA"]
[PlyCount "79"]
[EventDate "2020.07.17"]
[EventType "rapid"]
[EventCountry "HUN"]
[SourceTitle "playchess.com"]
[Source "ChessBase"]
[SourceQuality "1"]

{[%evp 9,79,35,24,35,32,27,8,1,8,5,27,20,58,49,45,41,40,31,33,35,58,68,93,94,94,56,60,54,79,84,105,73,114,118,139,147,215,194,210,218,221,221,289,275,348,338,363,267,314,216,245,210,243,155,174,130,146,137,224,223,439,424,1090,745,703,623,984,941,2736,2303,1507,854]} 1. d4 Nf6 2. c4 g6 3. Nf3 Bg7 4. e3 d5 5. cxd5 Nxd5 6. Be2 {D70: Grünfeld: Unusual White 3rd moves (met by ...d5).} O-O 7. e4 Nb6 8. O-O {The position is equal.} Bg4 9. Nbd2 Nc6 {[%cal Bb8c6,Bc6a5,Ba5c4][%mdl 32] is the legacy move (9...c5).} 10. d5 Na5 {[#]} 11. h3 $146 ({Predecessor:} 11. Rb1 c5 12. h3 Bd7 13. b3 e6 14. Ba3 exd5 15. Bxc5 Re8 16. b4 Ba4 17. Qc1 {½-½ (41) Rams,M (2175)-Gluszko,M (1933) Jastrzebia Gora 2019}) 11... Bxf3 12. Nxf3 ({Much weaker is} 12. gxf3 e6 $15) 12... c6 {[%cal Rc6d5]} 13. Qe1 Nac4 14. dxc6 bxc6 15. Rb1 $36 {[%mdl 2048] Black is under pressure.} Qd6 16. b3 Ne5 17. Nxe5 Qxe5 18. Bf3 Qe6 19. Be3 {White stays focused until the end.} Rfd8 20. Rc1 Nd7 21. Qa5 Ne5 22. Be2 Rd7 (22... Nd7 $16 {was worth a try.} 23. Rfd1 Qxe4) 23. Rfd1 $18 h5 24. Rxd7 Nxd7 25. Qc7 c5 26. Qb7 Nb6 27. Rxc5 Rd8 28. Rc7 Nc8 29. Qc6 Nd6 30. Bf3 Qe5 31. g3 ({But not} 31. Bxa7 $6 Nb5 $16) 31... h4 32. Bf4 Qa1+ 33. Kg2 hxg3 (33... Bd4 $16) 34. Bxg3 Qxa2 $2 {[#]} (34... Be5) 35. Rxe7 {White is clearly winning.} Bd4 (35... Bf8 $142) 36. Rd7 Rxd7 37. Qxd7 Bc5 38. b4 Bxf2 39. Bxf2 Nc4 40. Qd4 {Accuracy: White = 60%, Black = 40%.} 1-0

[Event "HUN-ch Rapid 2020"]
[Site "Ajka"]
[Date "2020.07.19"]
[Round "13.10"]
[White "Horvath, Adam"]
[Black "Persanyi, Barnabas"]
[Result "1-0"]
[WhiteElo "2488"]
[BlackElo "2370"]
[Annotator "TA"]
[PlyCount "51"]
[EventDate "2020.07.17"]
[EventType "rapid"]
[EventCountry "HUN"]
[SourceTitle "playchess.com"]
[Source "ChessBase"]
[SourceQuality "1"]

{[%evp 17,51,3,35,28,53,57,99,96,91,87,129,97,120,95,72,84,141,143,149,161,230,213,366,366,315,329,397,405,468,462,597,618,617,598,803,791]} 1. e4 e5 2. Nf3 Nc6 3. Bb5 a6 4. Ba4 Nf6 5. Nc3 b5 6. Bb3 Be7 7. a4 Bb7 8. O-O O-O 9. Re1 b4 10. Nd5 {C88: Closed Ruy Lopez: Anti-Marshall Systems.} d6 11. a5 Nd7 12. d3 {White is better.} Nc5 {[#]} 13. Bc4 $146 ({Predecessor:} 13. Bd2 Rb8 {½-½ (13) Jasz,P (2007)-Revesz,Z (2258) Budapest 2009}) 13... Rb8 14. Be3 Ne6 15. Qd2 Kh8 16. c3 ({Don't play} 16. Nxb4 Nxb4 17. Bxe6 Nxc2 $11) 16... bxc3 ({Black should try} 16... f5) 17. bxc3 $16 {[%cal Bb2c3,Bc3d4][%mdl 32]} Bc8 18. d4 exd4 (18... f6 $142 19. Qe2 Ra8) 19. cxd4 $18 f5 $2 {[#]} (19... f6 20. Qd3 f5 21. exf5 Ng5 22. Bxg5 (22. Bxa6 Nxf3+ 23. gxf3 Bd7 $16) 22... Bxg5 23. Bxa6 Bd7) 20. exf5 Rxf5 21. Nxe7 Nxe7 22. Ng5 d5 23. Bd3 {White is clearly winning.} Qf8 24. Nxe6 Bxe6 25. Bg5 Ng6 26. Rxe6 {Accuracy: White = 85%, Black = 24%.} 1-0

[Event "HUN-ch Rapid 2020"]
[Site "Ajka"]
[Date "2020.07.19"]
[Round "13.11"]
[White "Emodi, Barnabas"]
[Black "Bagi, Mate"]
[Result "1-0"]
[WhiteElo "2352"]
[BlackElo "2478"]
[Annotator "TA"]
[PlyCount "67"]
[EventDate "2020.07.17"]
[EventType "rapid"]
[EventCountry "HUN"]
[SourceTitle "playchess.com"]
[Source "ChessBase"]
[SourceQuality "1"]

{[%evp 13,67,26,27,3,12,7,3,0,0,0,0,-4,19,-8,48,41,55,56,56,37,68,60,56,80,67,0,170,177,270,262,266,277,227,222,326,210,283,85,468,474,848,864,938,947,942,927,1065,1050,1325,1243,1675,1502,1502,1491,1372,1390]} 1. d4 Nf6 2. Nf3 c5 3. c3 b6 4. Bg5 Ne4 5. Bh4 Bb7 6. e3 g6 7. Bd3 Bg7 8. O-O {A46: 1 d4 Nf6 2 Nf3 e6: Torre, London and Colle Systems.} O-O 9. Nbd2 d5 10. a4 {The position is equal.} Nxd2 11. Nxd2 Nc6 12. f4 Qd7 {[#]} 13. Nf3 $146 ({Predecessor:} 13. Qf3 f6 14. f5 e5 15. fxg6 e4 16. Nxe4 dxe4 17. Bc4+ Kh8 18. Qh5 h6 19. Bxf6 Rxf6 20. Rxf6 {1-0 (29) Mirzoev,A (2414)-Ali,M (2211) Abu Dhabi 2000}) 13... f6 ({Better is} 13... e6 $11) 14. dxc5 $14 bxc5 15. e4 e6 16. Bf2 Qd6 17. exd5 exd5 18. f5 g5 19. Qb3 (19. a5 $14) 19... Rab8 $2 {[#]} (19... Rf7 $11 {and Black is okay.} 20. Qb5 c4) 20. Qa3 $1 $18 d4 (20... Qd8 $142) 21. cxd4 g4 22. dxc5 Qd5 23. Nh4 Ne5 (23... Ba8 $142 24. Rad1 Rb3) 24. Bc2 {Strongly threatening Bb3.} Qd2 25. Qc3 $2 (25. Bb3+ $18 {and the rest is easy.} Kh8 26. Rad1) 25... Qg5 $2 {[%mdl 8192] This move loses the game for Black.} (25... Rfd8 $16 {is a better chance.}) 26. b4 {[%cal Bb2b4,Bb4b5][%mdl 32] White is clearly winning.} Nf3+ (26... Bd5 $142 27. Rad1 Ba2) 27. gxf3 gxf3+ 28. Bg3 Bh6 29. b5 Kh8 30. c6 Rg8 31. Nxf3 Qf4 32. Qxf6+ Bg7 33. Bxf4 {[#] aiming for Qh4.} Bxf6+ 34. Kf2 {Accuracy: White = 72%, Black = 36%.} 1-0